Michel de Certeau

Na minha lista:
Detalhes bibliográficos
Autor principal: Giard, Luce (Author)
Formato: Livro
Idioma:francês
Publicado em: París Centre Georges Pompidou 1987
Colecção:Cahiers pour un temps
Assuntos:
Tags: Adicionar Tag
Sem tags, seja o primeiro a adicionar uma tag!

MARC

LEADER 00000nam a2200000 a 4500
001 UCX7852
003 CL-VaPUC
008 940107e19870000FR |||||||||||||||||fre|d
082 0 4 |a 844  |b GIA  |2 21 
100 |a Giard, Luce  |e author  |9 553276 
245 1 0 |a Michel de Certeau 
300 |a 253 p 
942 |c BK 
945 |d 19940107 00:00:00  |a rbrito 
260 |a París  |b Centre Georges Pompidou  |c 1987 
600 0 7 |a CERTEAU, MICHEL DE  |2 CL-VaPUC  |9 324794 
650 0 |a Crítica e interpretación   |9 255042 
583 |a last modification  |c 19940107 00:00:00  |k Rodrigo Vera 
490 0 |a Cahiers pour un temps 
999 |c 227543  |d 227541 
952 |0 0  |1 0  |4 0  |6 844_000000000000000_GIA_1987  |7 0  |8 P  |9 226647  |a BIBARQ  |b BIBARQ  |d 2019-11-15  |i 295883K  |o 844 GIA 1987  |p 295883K  |r 2025-01-20  |w 2019-11-15  |y BK  |k ARQ